| 000 | 01033nam a22003257a 4500 | ||
|---|---|---|---|
| 003 | CHAP | ||
| 005 | 20220329134023.0 | ||
| 008 | 971013s1974 r 00010 d | ||
| 010 | _a14214 | ||
| 011 | _a15186 | ||
| 035 | _a19261 | ||
| 040 | _cCHAP | ||
| 082 |
_a631.7 _bG65 |
||
| 100 | 0 | 0 |
_aGonzález Olmedo, José. _949235 |
| 245 | _aPrincipios de riego y drenaje | ||
| 260 |
_aCd. Universitaria, Univ. de El Salvador. Depto. de Ingeniería Agrícola, _c1974- |
||
| 300 |
_av. _b: ilus. ; gráfs |
||
| 490 | _aMateriales de enseñanza | ||
| 500 | _aLa biblioteca tiene: v.1 | ||
| 590 |
_aBATCH-UPD _b10 _c20130110 _lUCH01 _h1107 |
||
| 590 |
_aBATCH-UPD _b10 _c20130410 _lUCH01 _h0659 |
||
| 590 |
_aBATCH-UPD _b10 _c20130914 _lUCH01 _h1221 |
||
| 590 |
_aCONVERSION _b10 _c20130109 _lUCH01 _h1309 |
||
| 650 | 1 | 4 |
_aDrenaje. _934190 |
| 650 | 1 | 4 |
_aIrrigación. _960366 |
| 830 | 0 |
_aMateriales de enseñanza _972948 |
|
| 901 | _aBK | ||
| 942 | _cLIBRO | ||
| 949 |
_a631.7 G65 _bBC _cLIBRO _d33724000420907 _eLIBRO _fv.1 _h35424 _i19261 _mD _si |
||
| 999 |
_c14214 _d14214 |
||